000 00860cam a22002898a 4500
001 16640549
005 20170105102919.0
008 110207s2011 enk 000 0 eng
010 _a 2011005699
020 _a9780415543811
040 _aDLC
_cDLC
050 0 0 _aK5302
_b.B35 2011
082 0 0 _a345/.0251
_222
100 1 _aBalint, Jennifer.
245 1 0 _aGenocide, state crime and the law /
_cIn the Name of the State Jennifer Balint.
260 _aMilton Park, Abingdon, Oxon ;
_aNew York :
_bRoutledge,
_c2011.
263 _a1108
300 _a240p.
_b24cm
650 0 _aGenocide.
650 0 _aState crimes.
650 0 _aCrimes against humanity.
650 0 _aPolitical crimes and offenses.
650 0 _aAtrocities.
906 _a7
_bcbc
_corignew
_d1
_eecip
_f20
_gy-gencatlg
942 _2ddc
_cBK
999 _c15495
_d15495